| 000 | 00641nam a2200193Ia 4500 | ||
|---|---|---|---|
| 005 | 20251020182611.0 | ||
| 008 | 200515s9999 xx 000 0 und d | ||
| 082 | _aSC/666.538/I59 | ||
| 110 | _aIninvi | ||
| 245 | 0 | _aUso de la piedra pómez en la construcción (Informe) | |
| 260 | _aLima | ||
| 260 | _c1985 | ||
| 300 | _as.n. | ||
| 520 | _aInforme correspondiente a las actividades realizadas en el Proyecto "Uso de la Piedra Pómez en la Construcción" que ejecutó el ININVI de acuerdo al Convenio Específico ININVI - ITINTEC Nº 3170 | ||
| 650 | _aCONSTRUCCION | ||
| 650 | _aPIEDRA POMEZ | ||
| 650 | _aPUB ININVI | ||
| 942 | _cLIB | ||
| 999 |
_c3352 _d3352 |
||